[Event "DEM U14w 2025"]
[Site "Willingen GER"]
[Date "2025.06.11"]
[Round "5"]
[White "Huang, Jasmin Shuya"]
[Black "Shakhimardanova, Nigina"]
[Result "1-0"]
[Termination "normal"]
[Board "9"]
[WhiteElo "1795"]
[BlackElo "1534"]
[WhiteClock "00:32:57"]
[BlackClock "01:30:35"]
[PlyCount "121"]
[WhiteFideId "533015694"]
[BlackFideId "34648437"]
[EventCountry "GER"]
[EventRounds "9"]
[EventType "swiss"]
[EventDate "2025.06.07"]

1. e4 {[%clk 01:30:59]} e5 {[%clk 01:30:58]} {[%emt 00:00:03]} 2. Nc3 {[%clk
01:31:25]} {[%emt 00:00:04]} Nf6 {[%clk 01:31:21]} {[%emt 00:00:06]} 3. f4
{[%clk 01:31:53]} {[%emt 00:00:02]} d5 {[%clk 01:31:45]} {[%emt 00:00:07]} 4.
fxe5 {[%clk 01:32:19]} {[%emt 00:00:03]} Nxe4 {[%clk 01:32:05]} {[%emt
00:00:10]} 5. Qf3 {[%clk 01:32:46]} {[%emt 00:00:03]} f5 {[%clk 01:32:22]}
{[%emt 00:00:13]} 6. d3 {[%clk 01:33:10]} {[%emt 00:00:06]} Nxc3 {[%clk
01:32:22]} {[%emt 00:00:30]} 7. bxc3 {[%clk 01:33:34]} {[%emt 00:00:07]} d4
{[%clk 01:32:47]} {[%emt 00:00:05]} 8. Qg3 {[%clk 01:33:52]} {[%emt 00:00:11]}
Nc6 {[%clk 01:32:48]} {[%emt 00:00:29]} 9. Be2 {[%clk 01:34:15]} {[%emt
00:00:08]} Be6 {[%clk 01:33:07]} {[%emt 00:00:11]} 10. c4 {[%clk 01:34:40]}
{[%emt 00:00:04]} Bb4+ {[%clk 01:33:02]} {[%emt 00:00:35]} 11. Kd1 {[%clk
01:33:22]} {[%emt 00:01:48]} g6 {[%clk 01:33:26]} {[%emt 00:00:05]} 12. Bf3
{[%clk 01:31:55]} {[%emt 00:01:58]} Qd7 {[%clk 01:33:05]} {[%emt 00:00:51]} 13.
Rb1 {[%clk 01:31:08]} {[%emt 00:01:18]} a5 {[%clk 01:33:01]} {[%emt 00:00:34]}
14. a3 {[%clk 01:25:19]} {[%emt 00:06:19]} Bc3 {[%clk 01:31:34]} {[%emt
00:01:57]} 15. Rxb7 {[%clk 01:22:29]} {[%emt 00:03:20]} Rc8 {[%clk 01:31:46]}
{[%emt 00:00:18]} 16. Ne2 {[%clk 01:20:46]} {[%emt 00:02:12]} a4 {[%clk
01:31:58]} {[%emt 00:00:18]} 17. Bg5 {[%clk 01:16:41]} {[%emt 00:04:36]} Ba5
{[%clk 01:31:33]} {[%emt 00:00:55]} 18. Rb5 {[%clk 01:15:39]} {[%emt 00:01:31]}
Bc3 {[%clk 01:30:31]} {[%emt 00:01:32]} 19. Bf6 {[%clk 01:15:01]} {[%emt
00:01:08]} Rf8 {[%clk 01:30:20]} {[%emt 00:00:40]} 20. Nf4 {[%clk 01:13:23]}
{[%emt 00:02:09]} Ne7 {[%clk 01:30:09]} {[%emt 00:00:42]} 21. h4 {[%clk
00:55:44]} {[%emt 00:18:08]} c6 {[%clk 01:30:21]} {[%emt 00:00:18]} 22. Rb1
{[%clk 00:55:12]} {[%emt 00:01:01]} Rg8 {[%clk 01:29:56]} {[%emt 00:00:56]} 23.
Nxe6 {[%clk 00:50:51]} {[%emt 00:04:51]} Qxe6 {[%clk 01:29:20]} {[%emt
00:01:06]} 24. Rb7 {[%clk 00:50:25]} {[%emt 00:00:56]} f4 {[%clk 01:27:59]}
{[%emt 00:01:51]} 25. Qxf4 {[%clk 00:49:08]} {[%emt 00:01:48]} Nf5 {[%clk
01:28:05]} {[%emt 00:00:24]} 26. g4 {[%clk 00:43:38]} {[%emt 00:05:59]} Ne3+
{[%clk 01:27:13]} {[%emt 00:01:22]} 27. Kc1 {[%clk 00:42:48]} {[%emt 00:01:21]}
Rf8 {[%clk 01:27:37]} {[%emt 00:00:06]} 28. Qe4 {[%clk 00:32:24]} {[%emt
00:10:52]} Rf7 {[%clk 01:27:03]} {[%emt 00:01:05]} 29. Rxf7 {[%clk 00:31:58]}
{[%emt 00:00:56]} Kxf7 {[%clk 01:27:24]} {[%emt 00:00:08]} 30. Bg5 {[%clk
00:31:37]} {[%emt 00:00:51]} Rb8 {[%clk 01:27:29]} {[%emt 00:00:25]} 31. Bxe3
{[%clk 00:31:43]} {[%emt 00:00:25]} Bb2+ {[%clk 01:27:42]} {[%emt 00:00:17]}
32. Kd1 {[%clk 00:31:38]} {[%emt 00:00:32]} dxe3 {[%clk 01:27:52]} {[%emt
00:00:24]} 33. Qxe3 {[%clk 00:31:58]} {[%emt 00:00:09]} Qxe5 {[%clk 01:27:55]}
{[%emt 00:00:28]} 34. Qxe5 {[%clk 00:30:44]} {[%emt 00:01:44]} Bxe5 {[%clk
01:28:19]} {[%emt 00:00:05]} 35. Bxc6 {[%clk 00:30:40]} {[%emt 00:00:34]} Rb1+
{[%clk 01:28:41]} {[%emt 00:00:08]} 36. Kd2 {[%clk 00:30:40]} {[%emt 00:00:27]}
Bf4+ {[%clk 01:29:05]} {[%emt 00:00:08]} 37. Kc3 {[%clk 00:30:14]} {[%emt
00:00:55]} Rxh1 {[%clk 01:29:03]} {[%emt 00:00:33]} 38. Bxh1 {[%clk 00:30:42]}
{[%emt 00:00:03]} Bd6 {[%clk 01:29:14]} {[%emt 00:00:19]} 39. Kb2 {[%clk
00:30:35]} {[%emt 00:00:35]} Be7 {[%clk 01:28:47]} {[%emt 00:00:59]} 40. h5
{[%clk 00:30:50]} {[%emt 00:00:15]} Kf6 {[%clk 01:28:57]} {[%emt 00:00:20]} 41.
hxg6 {[%clk 00:30:55]} {[%emt 00:00:24]} hxg6 {[%clk 01:29:21]} {[%emt
00:00:07]} 42. d4 {[%clk 00:30:43]} {[%emt 00:00:42]} Kg5 {[%clk 01:29:45]}
{[%emt 00:00:06]} 43. Bf3 {[%clk 00:31:02]} {[%emt 00:00:11]} Kf4 {[%clk
01:30:01]} {[%emt 00:00:14]} 44. Bd1 {[%clk 00:30:59]} {[%emt 00:00:33]} Ke4
{[%clk 01:29:51]} {[%emt 00:00:40]} 45. c3 {[%clk 00:31:13]} {[%emt 00:00:16]}
g5 {[%clk 01:29:51]} {[%emt 00:00:30]} 46. Bxa4 {[%clk 00:31:28]} {[%emt
00:00:15]} Kf4 {[%clk 01:29:44]} {[%emt 00:00:37]} 47. Bd7 {[%clk 00:31:46]}
{[%emt 00:00:13]} Bd6 {[%clk 01:29:50]} {[%emt 00:00:23]} 48. a4 {[%clk
00:31:36]} {[%emt 00:00:40]} Bc7 {[%clk 01:30:07]} {[%emt 00:00:13]} 49. c5
{[%clk 00:31:32]} {[%emt 00:00:34]} Ke4 {[%clk 01:30:26]} {[%emt 00:00:11]} 50.
Kb3 {[%clk 00:30:56]} {[%emt 00:01:06]} Kd5 {[%clk 01:29:10]} {[%emt 00:01:45]}
51. Kb4 {[%clk 00:31:15]} {[%emt 00:00:11]} Bf4 {[%clk 01:29:27]} {[%emt
00:00:13]} 52. a5 {[%clk 00:31:33]} {[%emt 00:00:13]} Bb8 {[%clk 01:29:41]}
{[%emt 00:00:17]} 53. Kb5 {[%clk 00:31:55]} {[%emt 00:00:08]} Bc7 {[%clk
01:29:49]} {[%emt 00:00:22]} 54. a6 {[%clk 00:32:15]} {[%emt 00:00:09]} Ke4
{[%clk 01:29:49]} {[%emt 00:00:30]} 55. a7 {[%clk 00:32:38]} {[%emt 00:00:07]}
Kd3 {[%clk 01:29:32]} {[%emt 00:00:47]} 56. a8=Q {[%clk 00:33:02]} {[%emt
00:00:07]} Bf4 {[%clk 01:29:45]} {[%emt 00:00:17]} 57. Qf3+ {[%clk 00:33:15]}
{[%emt 00:00:16]} Kc2 {[%clk 01:29:50]} {[%emt 00:00:24]} 58. Bf5+ {[%clk
00:33:37]} {[%emt 00:00:08]} Kb3 {[%clk 01:30:09]} {[%emt 00:00:11]} 59. c4+
{[%clk 00:34:02]} {[%emt 00:00:06]} Ka2 {[%clk 01:30:29]} {[%emt 00:00:10]} 60.
Ka4 {[%clk 00:34:07]} {[%emt 00:00:25]} Bd2 {[%clk 01:30:35]} {[%emt 00:00:23]}
61. Qa3# {[%clk 00:32:57]} {[%emt 00:01:09]} 1-0

[Event "DEM U14w 2025"]
[Site "Willingen GER"]
[Date "2025.06.11"]
[Round "5"]
[White "Briese, Sophie"]
[Black "Averkova, Mariia"]
[Result "0-1"]
[Termination "normal"]
[Board "10"]
[WhiteElo "1499"]
[BlackElo "1759"]
[WhiteClock "00:17:51"]
[BlackClock "00:23:30"]
[PlyCount "96"]
[WhiteFideId "34660305"]
[BlackFideId "34651470"]
[EventCountry "GER"]
[EventRounds "9"]
[EventType "swiss"]
[EventDate "2025.06.07"]

1. d4 {[%clk 01:30:55]} {[%emt 00:00:04]} d5 {[%clk 01:30:57]} {[%emt
00:00:03]} 2. Nc3 {[%clk 01:31:18]} {[%emt 00:00:07]} Nf6 {[%clk 01:30:50]}
{[%emt 00:00:37]} 3. Bg5 {[%clk 01:31:00]} {[%emt 00:00:48]} e6 {[%clk
01:29:06]} {[%emt 00:02:13]} 4. e4 {[%clk 01:29:27]} {[%emt 00:02:04]} dxe4
{[%clk 01:26:13]} {[%emt 00:03:23]} 5. Nxe4 {[%clk 01:27:43]} {[%emt 00:02:15]}
Be7 {[%clk 01:26:17]} {[%emt 00:00:26]} 6. Nxf6+ {[%clk 01:24:39]} {[%emt
00:03:32]} Bxf6 {[%clk 01:26:40]} {[%emt 00:00:08]} 7. Bxf6 {[%clk 01:24:13]}
{[%emt 00:00:56]} Qxf6 {[%clk 01:27:05]} {[%emt 00:00:05]} 8. Nf3 {[%clk
01:21:57]} {[%emt 00:02:45]} O-O {[%clk 01:26:25]} {[%emt 00:01:10]} 9. Qd2
{[%clk 01:17:34]} {[%emt 00:04:53]} Rd8 {[%clk 01:25:18]} {[%emt 00:01:39]} 10.
O-O-O {[%clk 01:15:17]} {[%emt 00:02:46]} h6 {[%clk 01:20:50]} {[%emt
00:04:58]} 11. Be2 {[%clk 01:11:30]} {[%emt 00:04:17]} b6 {[%clk 01:17:55]}
{[%emt 00:03:26]} 12. Qe3 {[%clk 00:59:15]} {[%emt 00:12:44]} Nc6 {[%clk
01:15:40]} {[%emt 00:02:45]} 13. Rhg1 {[%clk 00:52:42]} {[%emt 00:07:03]} Bb7
{[%clk 01:05:20]} {[%emt 00:10:51]} 14. g4 {[%clk 00:50:20]} {[%emt 00:02:52]}
Nb4 {[%clk 01:04:36]} {[%emt 00:01:14]} 15. Kb1 {[%clk 00:47:40]} {[%emt
00:03:09]} Nd5 {[%clk 01:03:23]} {[%emt 00:01:43]} 16. Qe5 {[%clk 00:45:38]}
{[%emt 00:02:32]} Qf4 {[%clk 01:02:57]} {[%emt 00:00:56]} 17. c4 {[%clk
00:41:30]} {[%emt 00:04:39]} Qxe5 {[%clk 01:00:29]} {[%emt 00:02:58]} 18. Nxe5
{[%clk 00:41:29]} {[%emt 00:00:30]} Nf4 {[%clk 00:59:14]} {[%emt 00:01:46]} 19.
Bf3 {[%clk 00:40:08]} {[%emt 00:01:48]} Bxf3 {[%clk 00:56:56]} {[%emt
00:02:51]} 20. Nxf3 {[%clk 00:40:29]} {[%emt 00:00:08]} Rd7 {[%clk 00:54:12]}
{[%emt 00:03:14]} 21. g5 {[%clk 00:38:02]} {[%emt 00:02:57]} hxg5 {[%clk
00:53:38]} {[%emt 00:01:04]} 22. Rxg5 {[%clk 00:38:06]} {[%emt 00:00:26]} Nh3
{[%clk 00:53:18]} {[%emt 00:00:51]} 23. Rg2 {[%clk 00:35:08]} {[%emt 00:03:25]}
c5 {[%clk 00:52:58]} {[%emt 00:00:53]} 24. Rd2 {[%clk 00:32:42]} {[%emt
00:02:54]} cxd4 {[%clk 00:39:03]} {[%emt 00:14:27]} 25. Rxd4 {[%clk 00:32:26]}
{[%emt 00:00:45]} Rxd4 {[%clk 00:38:16]} {[%emt 00:01:18]} 26. Nxd4 {[%clk
00:32:48]} {[%emt 00:00:07]} Rd8 {[%clk 00:36:16]} {[%emt 00:02:30]} 27. Nc6
{[%clk 00:32:04]} {[%emt 00:01:11]} Rd7 {[%clk 00:36:40]} {[%emt 00:00:10]} 28.
f3 {[%clk 00:30:41]} {[%emt 00:01:52]} Rc7 {[%clk 00:35:33]} {[%emt 00:01:38]}
29. Ne5 {[%clk 00:30:42]} {[%emt 00:00:29]} Rc5 {[%clk 00:35:07]} {[%emt
00:00:55]} 30. Rg3 {[%clk 00:30:16]} {[%emt 00:00:55]} Nf4 {[%clk 00:33:22]}
{[%emt 00:02:17]} 31. Rg4 {[%clk 00:30:00]} {[%emt 00:00:42]} Nh5 {[%clk
00:31:47]} {[%emt 00:02:09]} 32. Nd7 {[%clk 00:29:14]} {[%emt 00:01:16]} Rf5
{[%clk 00:31:38]} {[%emt 00:00:35]} 33. Rh4 {[%clk 00:27:12]} {[%emt 00:02:35]}
g6 {[%clk 00:31:24]} {[%emt 00:00:45]} 34. Rh3 {[%clk 00:26:08]} {[%emt
00:01:34]} Nf4 {[%clk 00:31:41]} {[%emt 00:00:13]} 35. Rg3 {[%clk 00:25:33]}
{[%emt 00:01:04]} Ne2 {[%clk 00:29:10]} {[%emt 00:03:02]} 36. Rg2 {[%clk
00:24:41]} {[%emt 00:01:18]} Nd4 {[%clk 00:29:22]} {[%emt 00:00:22]} 37. Rd2
{[%clk 00:24:16]} {[%emt 00:00:54]} Nxf3 {[%clk 00:29:00]} {[%emt 00:00:51]}
38. Re2 {[%clk 00:23:09]} {[%emt 00:01:34]} Nd4 {[%clk 00:29:01]} {[%emt
00:00:34]} 39. Re1 {[%clk 00:22:07]} {[%emt 00:01:31]} Rf2 {[%clk 00:28:38]}
{[%emt 00:00:55]} 40. Rd1 {[%clk 00:21:11]} {[%emt 00:01:25]} Nf3 {[%clk
00:28:55]} {[%emt 00:00:13]} 41. Nf6+ {[%clk 00:20:25]} {[%emt 00:01:15]} Kg7
{[%clk 00:28:16]} {[%emt 00:01:09]} 42. Ne8+ {[%clk 00:19:41]} {[%emt
00:01:14]} Kf8 {[%clk 00:25:40]} {[%emt 00:03:07]} 43. Nd6 {[%clk 00:19:19]}
{[%emt 00:00:51]} Rxh2 {[%clk 00:24:59]} {[%emt 00:01:11]} 44. Nc8 {[%clk
00:19:14]} {[%emt 00:00:36]} Nd2+ {[%clk 00:24:33]} {[%emt 00:00:56]} 45. Kc1
{[%clk 00:19:07]} {[%emt 00:00:34]} Nxc4 {[%clk 00:24:48]} {[%emt 00:00:17]}
46. Nxa7 {[%clk 00:19:26]} {[%emt 00:00:12]} Rxb2 {[%clk 00:22:41]} {[%emt
00:02:36]} 47. Rd4 {[%clk 00:17:36]} {[%emt 00:02:18]} Rxa2 {[%clk 00:23:07]}
{[%emt 00:00:06]} 48. Rxc4 {[%clk 00:17:51]} {[%emt 00:00:15]} Rxa7 {[%clk
00:23:30]} {[%emt 00:00:07]} 0-1

[Event "DEM U14w 2025"]
[Site "Willingen GER"]
[Date "2025.06.11"]
[Round "5"]
[White "Fettan, Nua"]
[Black "Margaryan, Mane"]
[Result "1/2-1/2"]
[Termination "normal"]
[Board "11"]
[WhiteElo "1576"]
[BlackElo "1519"]
[WhiteClock "00:09:04"]
[BlackClock "00:00:36"]
[PlyCount "64"]
[WhiteFideId "34637362"]
[BlackFideId "16268237"]
[EventCountry "GER"]
[EventRounds "9"]
[EventType "swiss"]
[EventDate "2025.06.07"]

1. e4 {[%clk 01:30:50]} {[%emt 00:00:10]} c5 {[%clk 01:30:57]} {[%emt
00:00:04]} 2. Nc3 {[%clk 01:31:08]} {[%emt 00:00:13]} e6 {[%clk 01:31:21]}
{[%emt 00:00:05]} 3. f4 {[%clk 01:31:20]} {[%emt 00:00:18]} d5 {[%clk
01:31:26]} {[%emt 00:00:26]} 4. Bb5+ {[%clk 01:31:41]} {[%emt 00:00:08]} Bd7
{[%clk 01:31:09]} {[%emt 00:00:47]} 5. Bxd7+ {[%clk 01:32:01]} {[%emt
00:00:10]} Qxd7 {[%clk 01:31:30]} {[%emt 00:00:09]} 6. d3 {[%clk 01:32:16]}
{[%emt 00:00:15]} Nc6 {[%clk 01:30:53]} {[%emt 00:01:06]} 7. Nf3 {[%clk
01:31:33]} {[%emt 00:01:13]} dxe4 {[%clk 01:21:57]} {[%emt 00:09:26]} 8. dxe4
{[%clk 01:31:56]} {[%emt 00:00:08]} Qxd1+ {[%clk 01:21:25]} {[%emt 00:01:02]}
9. Kxd1 {[%clk 01:32:21]} {[%emt 00:00:05]} O-O-O+ {[%clk 01:20:53]} {[%emt
00:01:02]} 10. Bd2 {[%clk 01:30:27]} {[%emt 00:02:23]} h6 {[%clk 01:17:51]}
{[%emt 00:03:32]} 11. e5 {[%clk 01:30:19]} {[%emt 00:00:39]} Nge7 {[%clk
01:15:30]} {[%emt 00:02:51]} 12. Ne4 {[%clk 01:17:04]} {[%emt 00:13:45]} Nd5
{[%clk 01:11:55]} {[%emt 00:04:05]} 13. c3 {[%clk 01:14:32]} {[%emt 00:03:02]}
Nxf4 {[%clk 01:06:17]} {[%emt 00:06:07]} 14. Kc2 {[%clk 01:12:11]} {[%emt
00:02:51]} Ng6 {[%clk 01:03:06]} {[%emt 00:03:41]} 15. Rae1 {[%clk 01:09:53]}
{[%emt 00:02:49]} Ncxe5 {[%clk 00:54:39]} {[%emt 00:08:56]} 16. Nxe5 {[%clk
01:09:49]} {[%emt 00:00:35]} Nxe5 {[%clk 00:55:03]} {[%emt 00:00:06]} 17. Nxc5
{[%clk 01:07:35]} {[%emt 00:02:44]} Bxc5 {[%clk 00:49:21]} {[%emt 00:06:11]}
18. Rxe5 {[%clk 01:07:47]} {[%emt 00:00:18]} Bb6 {[%clk 00:37:46]} {[%emt
00:12:06]} 19. Rf1 {[%clk 01:02:51]} {[%emt 00:05:26]} Rd7 {[%clk 00:36:00]}
{[%emt 00:02:15]} 20. Re4 {[%clk 00:54:14]} {[%emt 00:09:08]} Kb8 {[%clk
00:25:49]} {[%emt 00:10:41]} 21. Rc4 {[%clk 00:42:16]} {[%emt 00:12:27]} f5
{[%clk 00:21:48]} {[%emt 00:04:31]} 22. Rd1 {[%clk 00:38:00]} {[%emt 00:04:46]}
Re7 {[%clk 00:16:30]} {[%emt 00:05:48]} 23. Re1 {[%clk 00:29:44]} {[%emt
00:08:46]} Rhe8 {[%clk 00:13:09]} {[%emt 00:03:51]} 24. Bf4+ {[%clk 00:23:16]}
{[%emt 00:06:59]} e5 {[%clk 00:10:45]} {[%emt 00:02:54]} 25. Be3 {[%clk
00:22:24]} {[%emt 00:01:22]} Bxe3 {[%clk 00:10:25]} {[%emt 00:00:49]} 26. Rxe3
{[%clk 00:22:42]} {[%emt 00:00:12]} e4 {[%clk 00:09:21]} {[%emt 00:01:34]} 27.
g3 {[%clk 00:22:36]} {[%emt 00:00:37]} g5 {[%clk 00:08:09]} {[%emt 00:01:41]}
28. Kd2 {[%clk 00:15:51]} {[%emt 00:07:15]} f4 {[%clk 00:07:04]} {[%emt
00:01:35]} 29. gxf4 {[%clk 00:14:42]} {[%emt 00:01:39]} gxf4 {[%clk 00:07:09]}
{[%emt 00:00:25]} 30. Re1 {[%clk 00:14:43]} {[%emt 00:00:27]} Rd7+ {[%clk
00:02:31]} {[%emt 00:05:10]} 31. Kc1 {[%clk 00:10:57]} {[%emt 00:04:16]} e3
{[%clk 00:00:36]} {[%emt 00:02:25]} 32. Rxf4 {[%clk 00:09:04]} {[%emt
00:02:22]} e2 {[%clk 00:00:36]} {[%emt 00:00:31]} 1/2-1/2

[Event "DEM U14w 2025"]
[Site "Willingen GER"]
[Date "2025.06.11"]
[Round "5"]
[White "Börner, Emma Charlotte"]
[Black "Baklan, Kira"]
[Result "1/2-1/2"]
[Termination "normal"]
[Board "12"]
[WhiteElo "1655"]
[BlackElo "1548"]
[WhiteClock "00:29:43"]
[BlackClock "00:16:50"]
[PlyCount "108"]
[WhiteFideId "34637907"]
[BlackFideId "34186514"]
[EventCountry "GER"]
[EventRounds "9"]
[EventType "swiss"]
[EventDate "2025.06.07"]

1. e4 {[%clk 01:30:58]} {[%emt 00:00:01]} e5 {[%clk 01:30:53]} {[%emt
00:00:08]} 2. Nf3 {[%clk 01:31:22]} {[%emt 00:00:05]} d6 {[%clk 01:31:16]}
{[%emt 00:00:07]} 3. Bc4 {[%clk 01:31:38]} {[%emt 00:00:14]} Nf6 {[%clk
01:31:02]} {[%emt 00:00:44]} 4. d3 {[%clk 01:31:51]} {[%emt 00:00:18]} c6
{[%clk 01:31:24]} {[%emt 00:00:07]} 5. Nc3 {[%clk 01:31:30]} {[%emt 00:00:51]}
Be7 {[%clk 01:26:09]} {[%emt 00:05:46]} 6. O-O {[%clk 01:28:00]} {[%emt
00:04:00]} O-O {[%clk 01:26:25]} {[%emt 00:00:14]} 7. d4 {[%clk 01:24:47]}
{[%emt 00:03:43]} Nbd7 {[%clk 01:19:39]} {[%emt 00:07:16]} 8. dxe5 {[%clk
01:19:32]} {[%emt 00:05:44]} Nxe5 {[%clk 01:19:36]} {[%emt 00:00:33]} 9. Nxe5
{[%clk 01:16:40]} {[%emt 00:03:22]} dxe5 {[%clk 01:19:59]} {[%emt 00:00:07]}
10. Be3 {[%clk 01:16:41]} {[%emt 00:00:28]} b5 {[%clk 01:07:46]} {[%emt
00:12:45]} 11. Be2 {[%clk 01:11:01]} {[%emt 00:06:09]} Bb7 {[%clk 01:02:46]}
{[%emt 00:05:31]} 12. f3 {[%clk 01:08:31]} {[%emt 00:03:00]} Nh5 {[%clk
00:54:47]} {[%emt 00:08:28]} 13. a3 {[%clk 01:03:46]} {[%emt 00:05:16]} Bg5
{[%clk 00:53:22]} {[%emt 00:01:55]} 14. Bc5 {[%clk 01:01:15]} {[%emt 00:03:00]}
Re8 {[%clk 00:50:45]} {[%emt 00:03:07]} 15. Qxd8 {[%clk 00:54:58]} {[%emt
00:06:47]} Rexd8 {[%clk 00:50:10]} {[%emt 00:01:06]} 16. Rad1 {[%clk 00:52:30]}
{[%emt 00:02:57]} Nf4 {[%clk 00:47:21]} {[%emt 00:03:19]} 17. g3 {[%clk
00:49:10]} {[%emt 00:03:48]} Nxe2+ {[%clk 00:44:44]} {[%emt 00:03:10]} 18. Nxe2
{[%clk 00:49:19]} {[%emt 00:00:20]} Ba6 {[%clk 00:42:26]} {[%emt 00:02:49]} 19.
b4 {[%clk 00:48:24]} {[%emt 00:01:25]} g6 {[%clk 00:40:19]} {[%emt 00:02:36]}
20. h4 {[%clk 00:45:51]} {[%emt 00:03:03]} Bh6 {[%clk 00:39:24]} {[%emt
00:01:25]} 21. g4 {[%clk 00:44:32]} {[%emt 00:01:49]} Bf8 {[%clk 00:38:17]}
{[%emt 00:01:37]} 22. Be3 {[%clk 00:40:37]} {[%emt 00:04:25]} Be7 {[%clk
00:30:06]} {[%emt 00:08:42]} 23. g5 {[%clk 00:38:17]} {[%emt 00:02:49]} Bb7
{[%clk 00:25:44]} {[%emt 00:04:52]} 24. Nc1 {[%clk 00:35:09]} {[%emt 00:03:37]}
a6 {[%clk 00:24:24]} {[%emt 00:01:51]} 25. Nb3 {[%clk 00:34:29]} {[%emt
00:01:11]} f6 {[%clk 00:19:28]} {[%emt 00:05:26]} 26. gxf6 {[%clk 00:33:52]}
{[%emt 00:01:06]} Bxf6 {[%clk 00:19:48]} {[%emt 00:00:10]} 27. Bg5 {[%clk
00:33:43]} {[%emt 00:00:38]} Bxg5 {[%clk 00:20:04]} {[%emt 00:00:14]} 28. hxg5
{[%clk 00:33:58]} {[%emt 00:00:16]} Rxd1 {[%clk 00:16:22]} {[%emt 00:04:12]}
29. Rxd1 {[%clk 00:34:15]} {[%emt 00:00:12]} Rf8 {[%clk 00:15:53]} {[%emt
00:01:00]} 30. Kf2 {[%clk 00:34:29]} {[%emt 00:00:16]} Rf7 {[%clk 00:14:26]}
{[%emt 00:01:57]} 31. Nc5 {[%clk 00:32:39]} {[%emt 00:02:20]} Bc8 {[%clk
00:12:01]} {[%emt 00:02:55]} 32. Rd6 {[%clk 00:31:07]} {[%emt 00:02:02]} Bg4
{[%clk 00:11:28]} {[%emt 00:01:03]} 33. Rd3 {[%clk 00:27:57]} {[%emt 00:03:40]}
Bc8 {[%clk 00:11:20]} {[%emt 00:00:36]} 34. Kg3 {[%clk 00:27:53]} {[%emt
00:00:36]} Kg7 {[%clk 00:09:15]} {[%emt 00:02:35]} 35. Rd6 {[%clk 00:28:03]}
{[%emt 00:00:20]} Rc7 {[%clk 00:09:34]} {[%emt 00:00:11]} 36. Re6 {[%clk
00:27:00]} {[%emt 00:01:32]} Kf7 {[%clk 00:08:09]} {[%emt 00:01:56]} 37. Rxe5
{[%clk 00:27:04]} {[%emt 00:00:25]} Ra7 {[%clk 00:06:12]} {[%emt 00:02:27]} 38.
f4 {[%clk 00:24:45]} {[%emt 00:02:50]} a5 {[%clk 00:06:22]} {[%emt 00:00:20]}
39. f5 {[%clk 00:23:03]} {[%emt 00:02:11]} axb4 {[%clk 00:06:16]} {[%emt
00:00:37]} 40. axb4 {[%clk 00:23:10]} {[%emt 00:00:23]} Ra3+ {[%clk 00:06:38]}
{[%emt 00:00:08]} 41. Nd3 {[%clk 00:22:18]} {[%emt 00:01:21]} Rc3 {[%clk
00:04:49]} {[%emt 00:02:19]} 42. f6 {[%clk 00:19:49]} {[%emt 00:02:59]} Be6
{[%clk 00:03:11]} {[%emt 00:02:10]} 43. Rc5 {[%clk 00:17:15]} {[%emt 00:03:01]}
Rxc5 {[%clk 00:00:58]} {[%emt 00:02:45]} 44. Nxc5 {[%clk 00:17:35]} {[%emt
00:00:10]} Bc8 {[%clk 00:00:31]} {[%emt 00:00:57]} 45. Kf4 {[%clk 00:17:35]}
{[%emt 00:00:29]} h6 {[%clk 00:29:03]} {[%emt 00:01:59]} 46. e5 {[%clk
00:42:26]} {[%emt 00:05:38]} h5 {[%clk 00:28:15]} {[%emt 00:01:19]} 47. Ne4
{[%clk 00:41:12]} {[%emt 00:01:43]} Be6 {[%clk 00:27:28]} {[%emt 00:01:18]} 48.
Kg3 {[%clk 00:39:53]} {[%emt 00:01:48]} Bd5 {[%clk 00:26:11]} {[%emt 00:01:48]}
49. Nd6+ {[%clk 00:38:07]} {[%emt 00:02:15]} Kf8 {[%clk 00:25:53]} {[%emt
00:00:49]} 50. Nb7 {[%clk 00:37:06]} {[%emt 00:01:31]} Kf7 {[%clk 00:22:55]}
{[%emt 00:03:28]} 51. Nd8+ {[%clk 00:35:59]} {[%emt 00:01:36]} Ke8 {[%clk
00:21:32]} {[%emt 00:01:54]} 52. Nb7 {[%clk 00:31:26]} {[%emt 00:05:02]} Kf7
{[%clk 00:21:42]} {[%emt 00:00:21]} 53. Nc5 {[%clk 00:31:11]} {[%emt 00:00:44]}
Be6 {[%clk 00:17:02]} {[%emt 00:05:10]} 54. Kh4 {[%clk 00:29:43]} {[%emt
00:01:57]} Bc8 {[%clk 00:16:50]} {[%emt 00:00:44]} 1/2-1/2